Mass spectral and GC data : of drugs, poisons, pesticides, pollutants and their metabolites

Main Author: Maurer, Hans H.
Other Authors: Weber, Armin A., Pfleger, Karl
Language:English
Published: Weiheim, Germany: WILEY-VCH Verlag GmbH & Co., 2011.
Edition:4th revised and enlarged ed..
Subjects:
LEADER 01132cam a2200289 7i4500
001 0000098869
005 20140415090000.0
008 120715s2011 -ge eng
020 0 0 |a 9783527329922  
090 0 0 |a RS 189   |b .M3 2011 
100 1 0 |a Maurer, Hans H.  
245 1 0 |a Mass spectral and GC data :   |b of drugs, poisons, pesticides, pollutants and their metabolites   |c Hans H. Maurer, Karl Pfleger, and Armin A. Weber. 
250 0 0 |a 4th revised and enlarged ed.. 
260 0 0 |a Weiheim, Germany:   |b WILEY-VCH Verlag GmbH & Co.,   |c 2011. 
300 |a 2v. (various pagings):   |b ill.;   |c 28 cm.. 
504 0 0 |a Includes bibliographical references 
505 0 0 |a v. 1. Methods and tables -- v. 2. Mass spectra 
590 |a Pusat Pengajian Sains dan Teknologi Makanan 
650 0 0 |a Toxicology --   |x Tables  
650 0 0 |a Poisons --   |x Tables  
650 0 0 |a Mass spectromety --   |x Tables  
650 0 0 |a Gas chromatography --   |x Tables  
650 0 0 |a Drugs --   |x Tables  
700 1 1 |a Weber, Armin A.  
700 1 1 |a Pfleger, Karl  
999 |a 1100085220  |b Book  |c Rujukan  |e KOLEKSI RUJUKAN 
999 |a 1100085221  |b Book  |c Rujukan  |e KOLEKSI RUJUKAN